000 00343nam a2200133Ia 4500
008 240624s9999 xx 000 0 und d
041 _aeng
082 _a828 GEM
100 _aGEM COLLINS
245 _aPSYCHIC POWERS RELEASE YOUR PSYCHIC POTE
260 _c2007
_aNew Delhi
_bHarperCollins
300 _a192 : p. : cm. ; 11
365 _cRS
_b25
999 _c18780
_d18780